000 00356 a2200157 4500
001 187588
020 _a85-10-00793-4
040 _cMagnum
100 _aCasasanta, Therezinha
240 1 0 _aPeixinho dourado vai passear
_lpor
245 1 0 _aPeixinho dourado vai passear
300 _a22
362 0 _a1995
697 _aLITERATURA INFANTO
942 _cBK
999 _c187588
_d187588